000 00193 a2200097 4500
020 _a9780399556746
041 _aeng
100 _aMiranda, Megan
245 _aFragments of the lost
942 _cBK
999 _c31355
_d31353